00597nam a2200181Ia 450000500170000000800460001703700120006304000200007504100130009508400220010810000130013024500440014326000710018730000090025894200220026799900210028995201050031020250508160254.0008 250505s9999 xx 000 0 eng d aTextual aFEDLbengcFEDL aeng2eng a371.97, NAIqFEDL aNaik J P 0aEducation of scheduled castes (1965-66) aNew Delhi, India bIndian Council of Philosophical Research c1971 a40p. cTEXLh371.97, NAI c1363296d1363296 00104070aFEDLbFEDLd2025-05-08l0o371.97, NAIpEL0049469r2025-05-08 16:02:54w2025-05-08yTEXL